Indian and American perspective on technological developments in the domain and their strategic Implications in the Indian ocean region (Record no. 32903)

MARC details
000 -LEADER
fixed length control field 00562nam a2200169Ia 4500
008 - FIXED-LENGTH DATA ELEMENTS--GENERAL INFORMATION
fixed length control field 230917s9999||||xx |||||||||||||| ||und||
020 ## - ISBN
Price RS640
040 ## - CATALOGING SOURCE
-- 211184
Original cataloging agency VIVEKANANDA LIBRARY
041 ## - Language
-- English
082 ## - DDC NUMBER
Classification number 359.00954 K167I
100 ## - MAIN ENTRY--PERSONAL NAME
Personal name Kaushiva, Pardeep, ed.
245 #0 - TITLE STATEMENT
Title Indian and American perspective on technological developments in the domain and their strategic Implications in the Indian ocean region
260 ## - PUBLICATION, DISTRIBUTION, ETC. (IMPRINT)
Place of publication, distribution, etc New Delhi
Name of publisher, distributor, etc Knowledge World
Date of publication, distribution, etc 2013
300 ## - PHYSICAL DESCRIPTION
Pages xvii, 158 p.
500 ## - GENERAL NOTE
General note 3632 21/10/2013 426 25/10/2013 Main Budget
942 ## - ADDED ENTRY ELEMENTS (KOHA)
Koha item type Books
Holdings
Withdrawn status Lost status Damaged status Not for loan Location (home branch) Sublocation or collection (holding branch) Date acquired Koha issues (times borrowed) Koha full call number Accession No. Koha date last seen Koha item type
        VIVEKANANDA LIBRARY VIVEKANANDA LIBRARY 10/12/2013   359.00954 K167I 334226 17/09/2023 Books
© Designed and Maintained by Vivekananda Library, MDU Rohtak